Zariadenie na meranie a monitorovanie jednosmernného magnetického poľa = Measuring equipment of DC magnetic field
Salvato in:
| Autore principale: | |
|---|---|
| Altri autori: | , |
| Natura: | Manoscritto Libro |
| Lingua: | slovacco |
| Pubblicazione: |
Bratislava :
STU v Bratislave FEI,
2002
|
| Soggetti: | |
| Tags: |
Nessun Tag, puoi essere il primo ad aggiungerne!!
|
MARC
| LEADER | 00000ntm a22000003a 4500 | ||
|---|---|---|---|
| 001 | stu78645 | ||
| 005 | 20160719164744.9 | ||
| 008 | 030127s2002------------------------slo-d | ||
| 040 | |a STU |b slo | ||
| 041 | 0 | |a slo | |
| 100 | 1 | |a Jarolímek, Marek |4 aut | |
| 245 | 1 | |a Zariadenie na meranie a monitorovanie jednosmernného magnetického poľa = Measuring equipment of DC magnetic field | |
| 260 | |a Bratislava : |b STU v Bratislave FEI, |c 2002 | ||
| 300 | |a 83 s | ||
| 650 | 7 | |a elektronika |2 stusub | |
| 700 | 1 | |a Bittera, Mikuláš, |d 1977- |4 ths |u E040 |U FEI Fakulta elektrotechniky a informatiky |T FEI Ústav elektrotechniky |X 1777 |U E040 |Y 550 |7 A000001777 | |
| 700 | 1 | |a Hajach, Peter, |d 1946- |4 ths |u E230 |U FEI Fakulta elektrotechniky a informatiky |T FEI Katedra rádioelektroniky |X 2170 |U E230 |Y 71 |7 A000002170 | |